Akta Penjara 1995 (Akta 537) dan peraturan-peraturan & Prison Act 1995 (Act 537) and Regulations : (hingga 1hb Ogos 2006)

Bibliographic Details
Corporate Authors: Malaysia, International Law Book Services. Lembaga Penyelidikan Undang-Undang
Format: Book
Published: Petaling Jaya : ILBS , 2006
Subjects:

MARC

LEADER 00000cam a2200000 7i4500
001 0000018300
005 20090410.0
020 |a 9678917157 
040 |a INS 
090 0 0 |a KPG4810   |b M4 2006 
110 1 |a Malaysia 
240 0 0 |a [Akta Penjara 1995 (Akta 537)] 
245 1 0 |a Akta Penjara 1995 (Akta 537) dan peraturan-peraturan & Prison Act 1995 (Act 537) and Regulations :   |b (hingga 1hb Ogos 2006)   |c disusun oleh Lembaga Penyelidikan Undang-Undang 
260 |a Petaling Jaya :   |b ILBS ,   |c 2006 
300 |a 275 ms. ;   |c 24 cm. 
650 0 0 |a Prisons   |x Law and legislation   |z Malaysia 
710 1 |a International Law Book Services. Lembaga Penyelidikan Undang-Undang 
740 0 |a Undang-Undang Malaysia 
999 |a 0000017861   |b BOOK   |c Acts   |e Default branch